|
|
|
|
| LEADER |
00000nam0a2200000 4500 |
| 001 |
108457 |
| 005 |
20231031115637.0 |
| 035 |
|
|
|a (RuTPU)RU\TPU\book\117085
|
| 090 |
|
|
|a 108457
|
| 100 |
|
|
|a 20070120d1970 km y0rusy50 ca
|
| 101 |
0 |
|
|a rus
|
| 102 |
|
|
|a RU
|
| 105 |
|
|
|a a g 001zy
|
| 200 |
1 |
|
|a Пожарная опасность веществ и материалов, применяемых в химической промышленности
|e справочник
|f под ред. И. В. Рябова
|
| 210 |
|
|
|a Москва
|c Химия
|d 1970
|
| 215 |
|
|
|a 336 с.
|c ил.
|
| 225 |
1 |
|
|a Справочник
|
| 320 |
|
|
|a Библиогр.: с. 333-336.
|
| 320 |
|
|
|a Формульный указатель: с. 326-332.
|
| 610 |
1 |
|
|a химическая промышленность
|
| 610 |
1 |
|
|a вещества
|
| 610 |
1 |
|
|a материалы
|
| 610 |
1 |
|
|a пожарная опасность
|
| 610 |
1 |
|
|a оценка
|
| 610 |
1 |
|
|a показатели
|
| 610 |
1 |
|
|a средства тушения
|
| 610 |
1 |
|
|a справочники
|
| 675 |
|
|
|a 66(035)
|v 3
|
| 702 |
|
1 |
|a Рябов
|b И. В.
|g Игорь Васильевич
|4 340
|
| 801 |
|
1 |
|a RU
|b 63413507
|c 20070120
|g PSBO
|
| 801 |
|
2 |
|a RU
|b 63413507
|c 20180526
|g PSBO
|
| 942 |
|
|
|c BK
|